| 000 | 00662nam a2200181Ia 4500 | ||
|---|---|---|---|
| 008 | 100920s9999 xx 000 0 und d | ||
| 082 |
_b32663 _a24 थ 67 |
||
| 100 | _aअली सलीम, फतेअली लइक,/अनु. सोवनी रा. वि. | ||
| 245 | _aभारतीय पक्षी. | ||
| 260 |
_bनॅशनल बुक ट्रस्ट, इंडिया नवी दिल्ली. _c1967 |
||
| 300 |
_a121 _bसाधी |
||
| 365 | _b9 | ||
| 520 | _aसायो. | ||
| 630 | _aभारतीय पक्षी. | ||
| 650 | _aसायो. | ||
| 730 | _aभारतीय पक्षी. | ||
| 942 | _cBOOK | ||
| 999 |
_c687542 _d687539 |
||